Normal view
MARC view
- Human security
Entry Topical Term
001 - CONTROL NUMBER
- control field: 106966
003 - CONTROL NUMBER IDENTIFIER
- control field: NUST
005 - DATE AND TIME OF LATEST TRANSACTION
- control field: 20230118123825.0
008 - FIXED-LENGTH DATA ELEMENTS
- fixed length control field: 230118|| aca||aabn | a|a d
040 ## - CATALOGING SOURCE
- Original cataloging agency: NUST
- Transcribing agency: NUST
150 ## - HEADING--TOPICAL TERM
- Topical term or geographic name entry element: Human security
- Geographic subdivision: Pakistan
670 ## - SOURCE DATA FOUND
- Source citation: Work cat.: (NUST)0: Development challenges confronting Pakistan /, 2013.
